000 00518nam a22001697a 4500
999 _c41262
_d41262
003 OSt
005 20210412125037.0
008 210412b ||||| |||| 00| 0 eng d
020 _a8182710359
040 _coclc
082 _a297
_bASH/A
100 _91923
_aAshrof, V A Mohamad
245 _aAnandinte Islam Vimarsam: Virunnukaranum Vettakkaranum/
_cV A Mohammad Ashrof
260 _aKozhikode:
_b Islamic Publishing House
300 _a341 pages
942 _2ddc
_cBK
_h297
_iASH/A
_k297
_mASH/A